Top 50 Most Streamed Playboi Carti Songs - Statistics

General Stats
  • This quiz has been taken 59 times
  • The average score is 27 of 50
Answer Stats
Album Answer % Correct
UTOPIA FE!N
93%
Playboi Carti Magnolia
86%
Playboi Carti Location
84%
Whole Lotta Red Sky
84%
Hurry Up Tomorrow Timeless
84%
MUSIC RATHER LIE
81%
Die Lit Long Time (intro)
79%
Die Lit Shoota
77%
Die Lit R.I.P.
74%
Playboi Carti wokeuplikethis*
74%
VULTURES CARNIVAL
72%
MUSIC EVIL J0RDAN
70%
WE DON'T TRUST YOU Type Shit
70%
Whole Lotta Red Rockstar Made
67%
Die Lit Fell in Luv
65%
Whole Lotta Red Stop Breathing
65%
Playboi Carti Flex
60%
Whole Lotta Red Over
60%
single ALL RED
58%
Whole Lotta Red ILoveUIHateU
58%
single @ MEH
58%
Whole Lotta Red Meh
58%
Trip at Knight Miss the Rage
58%
Die Lit Lean 4 Real
56%
MUSIC TOXIC
56%
VULTURES 2 FIELD TRIP
53%
Whole Lotta Red Go2DaMoon
53%
Die Lit Love Hurts
53%
Whole Lotta Red New Tank
53%
single Popular
53%
Die Lit Poke It Out
47%
Whole Lotta Red Vamp Anthem
47%
Dark Lane Demo Tapes Pain 1993
44%
Die Lit Foreign
42%
Playboi Carti New Choppa
42%
Die Lit R.I.P. Fredo
42%
Die Lit FlatBed Freestyle
40%
C, XOXO I LUV IT
40%
Playboi Carti Yah Mean
40%
Lil Boat 3 Flex Up
37%
Die Lit No Time
37%
Playboi Carti dothatshit!
35%
Whole Lotta Red Place
35%
Whole Lotta Red On That Time
33%
Nuthin' 2 Prove Get Dripped
28%
Playboi Carti Let It Go
19%
Cozy Tapes Vol 2 RAF
19%
Perfect Timing Minute
14%
Lust for Life Summer Bummer
14%
Control the Streets, Vol 2 100 Racks
5%
No matching quizzes found
Score Distribution
Percent of People with Each Score
Percentile by Number Answered
Your Score History
You have not taken this quiz